[Event "Autumn 2009"]
[Site "SchemingMind.com"]
[Date "2009.11.04"]
[Round "-"]
[White "Time Sprout"]
[Black "APB"]
[Result "1-0"]
[WhiteCountry "GBR"]
[BlackCountry "ENG"]
[WhiteElo "1437"]
[WhiteRD "77"]
[BlackElo "1535"]
[BlackRD "61"]
[GameID "225388"]

1. Nf3 d5 2. d4 Nf6 3. g3 Nc6 4. Bg2 Qd6 5. O-O e5 6. e3 exd4 7. exd4 Bg4 8. Re1+ Be7 9. Bf4 Qd7 10. Qd3 Nb4
11. Qc3 Rc8 12. Qxb4 b6 13. Nc3 Ne4 14. Qa4 Qxa4 15. Nxa4 O-O 16. Ne5 Bf6 17. Nxg4
1-0

[Event "Autumn 2009"]
[Site "SchemingMind.com"]
[Date "2009.11.05"]
[Round "-"]
[White "Time Sprout"]
[Black "cnile"]
[Result "0-1"]
[WhiteCountry "GBR"]
[BlackCountry "SCO"]
[WhiteElo "1401"]
[WhiteRD "79"]
[BlackElo "1392"]
[BlackRD "80"]
[GameID "225389"]

1. d4 d5 2. Nc3 Nf6 3. Nf3 Bf5 4. g3 e6 5. Bg2 Bd6 6. O-O O-O 7. e3 Nbd7 8. b3 h6 9. a4 Bb4 10. Qd2 Ne4
11. Qe1 Bxc3 12. Bd2 Bxa1 13. Bb4 Re8 14. Qxa1 a5 15. Ba3 Qf6 16. Ne5 Nxe5 17. dxe5 Qg6 18. f3 Ng5 19. e4 dxe4 20. f4 Nh7
21. c4 Nf8 22. Bc5 Nd7 23. Qa3 Nxc5 24. Qxc5 c6 25. h3 e3 26. Qxe3 Red8 27. Qb6 Qxg3 28. Qxb7 Be4 29. Rf2 Rd1+
0-1

[Event "Autumn 2009"]
[Site "SchemingMind.com"]
[Date "2009.11.04"]
[Round "-"]
[White "Time Sprout"]
[Black "Quanah4"]
[Result "1-0"]
[WhiteCountry "GBR"]
[BlackCountry "USA"]
[WhiteElo "1419"]
[WhiteRD "80"]
[BlackElo "1597"]
[BlackRD "77"]
[GameID "225390"]

1. Nf3 c5 2. g3 g6 3. e3 Bg7 4. Bg2 e6 5. d4 cxd4 6. Nxd4 Ne7 7. O-O O-O 8. c4 d5 9. b3 Nbc6 10. Bb2 dxc4
11. bxc4 b6 12. Nxc6 Nxc6 13. Bxg7 Kxg7 14. Bxc6 Rb8 15. Qxd8 Rxd8 16. Nc3 Ba6 17. Bb5 Bb7 18. Rad1 Rf8 19. Ne4 Bxe4 20. Rd7 a5
21. Rd4 Bb7 22. Rfd1 f5 23. Rd6 Bc8 24. Bd7 Kf6 25. Rxe6+ Kg7 26. Re7+ Kg8 27. Bxc8 Rbxc8 28. Rdd7 Rfd8 29. Rg7+ Kh8 30. Rxh7+ Kg8
31. Rdf7 Rxc4 32. Rhg7+ Kh8 33. Rxg6 Rc1+ 34. Kg2 Rcd1 35. Rxf5 R1d7 36. Rh5+ Rh7 37. Rhg5 Rb7 38. Rh6+ Rh7 39. Rxb6 Rg7 40. Rh6+ Kg8
41. Rxa5 Re8 42. Rah5 Kf7 43. Rf5+ Ke7 44. a4 Ra8 45. a5 Rf7 46. Re5+ Kf8 47. Rh8+ Kg7 48. Rxa8 Rf6 49. Rb8 Rf7 50. a6 Ra7
51. Rb6 Rc7 52. Reb5 Kf7 53. Rb7 Rxb7 54. axb7
1-0

[Event "Autumn 2009"]
[Site "SchemingMind.com"]
[Date "2009.11.06"]
[Round "-"]
[White "Time Sprout"]
[Black "Shanks"]
[Result "0-1"]
[WhiteCountry "GBR"]
[BlackCountry "ENG"]
[WhiteElo "1343"]
[WhiteRD "84"]
[BlackElo "1392"]
[BlackRD "65"]
[GameID "225391"]

1. d4 Nf6 2. Nf3 d5 3. Ne5 e6 4. e3 a6 5. g3 g6 6. Bg2 Bg7 7. O-O O-O 8. Re1 c6 9. b4 Qc7 10. c3 b5
11. Nd2 Bb7 12. e4 dxe4 13. Nxe4 Nxe4 14. Rxe4 Nd7 15. Bf4 Qc8 16. Re2 Nf6 17. a3 Nd5 18. Bxd5 cxd5 19. Rc1 Qd8 20. Nd3 Bc6
21. Ne5 Bb7 22. Nd3 Bc6 23. Nc5 a5 24. h3 a4 25. g4 Re8 26. Bg3 Bh6 27. Rcc2 Bg7 28. f3 e5 29. dxe5 d4 30. f4 Bf3
31. Nb7 Bxb7 32. cxd4 Bf3 33. Qd2 Bxe2 34. Qxe2 Qxd4+ 35. Bf2 Qa1+
0-1

[Event "Autumn 2009"]
[Site "SchemingMind.com"]
[Date "2009.11.04"]
[Round "-"]
[White "Time Sprout"]
[Black "maro"]
[Result "0-1"]
[WhiteCountry "GBR"]
[BlackCountry "MEX"]
[WhiteElo "1448"]
[WhiteRD "77"]
[BlackElo "1308"]
[BlackRD "54"]
[GameID "225392"]

1. d4 Nf6 2. g3 d5 3. Nf3 e6 4. Nbd2 Be7 5. Bg2 O-O 6. O-O Bd6 7. e3 Nbd7 8. b3 e5 9. c4 e4 10. Nh4 c6
11. a4 a5 12. c5 Be7 13. Nb1 b5 14. axb5 cxb5 15. b4 a4 16. Na3 Ba6 17. Bh3 Bc8 18. Nxb5 Ba6 19. Qe2 Qb8 20. Rxa4 Bxb5
21. Rxa8 Qxa8 22. Qxb5 Qa7 23. Rd1 Rb8 24. Qe2 Rxb4 25. Bd2 Rb2 26. Qe1 Bd8 27. Ra1 Ra2 28. Bc3 g5 29. c6 Nb6 30. Ba5 Rxa1
31. Qxa1 gxh4 32. g4 Bc7 33. Bc3 Bxh2+ 34. Kxh2 Qb8+ 35. f4 exf3+ 36. Kh1 Ne4 37. Qa5 Nxc3 38. Qc5 Ne4 39. Qc2 Ng3+ 40. Kg1 Ne2+
41. Kf2 Qg3+
0-1

[Event "Autumn 2009"]
[Site "SchemingMind.com"]
[Date "2009.11.09"]
[Round "-"]
[White "Brerrabbit"]
[Black "Time Sprout"]
[Result "1-0"]
[WhiteCountry "SCO"]
[BlackCountry "GBR"]
[WhiteElo "1396"]
[WhiteRD "80"]
[BlackElo "1448"]
[BlackRD "77"]
[GameID "225393"]

1. e4 e5 2. Nf3 Nf6 3. Nc3 d6 4. Bc4 Nbd7 5. d4 Be7 6. dxe5 dxe5 7. Ng5 O-O 8. Be3 b6 9. Qd2 Bb7 10. Bd3 Bc5
11. Bxc5 Nxc5 12. O-O Qd4 13. Nf3 Qd6 14. Rad1 Rad8 15. Rfe1 Nfxe4 16. Qe3 Rfe8 17. Bxe4 Qe6 18. Ng5 Qf6 19. Rxd8 Rxd8 20. Rd1 h6
21. Bh7+ Kh8 22. Rxd8+ Qxd8 23. Nxf7+ Kxh7 24. Nxd8 Ba6 25. b4
1-0

[Event "Autumn 2009"]
[Site "SchemingMind.com"]
[Date "2009.11.09"]
[Round "-"]
[White "APB"]
[Black "Time Sprout"]
[Result "1-0"]
[WhiteCountry "ENG"]
[BlackCountry "GBR"]
[WhiteElo "1601"]
[WhiteRD "58"]
[BlackElo "1401"]
[BlackRD "79"]
[GameID "225394"]

1. e4 e5 2. Nf3 Nf6 3. Nxe5 d6 4. Nxf7 Kxf7 5. Bc4+ Be6 6. Bxe6+ Kxe6 7. Qf3 Kf7 8. O-O Be7 9. Nc3 Rf8 10. Nd5 Kg8
11. Nxf6+ Rxf6 12. Qb3+ Kf8 13. Qxb7 Nd7 14. f4 Nc5 15. Qd5 Rb8 16. d4 c6 17. Qxc6 Ne6 18. c3 Qc8 19. Qd5 Nc7 20. Qc4 d5
21. exd5 Qa6 22. Qxc7 Rc8 23. Qe5 Bd6 24. Qg5 h6 25. Qg4 Re8 26. Bd2 Qc8 27. f5 Qb8 28. b4 Bxh2+ 29. Kh1 Qg3 30. Qxg3 Bxg3
31. c4 Re4 32. Bc3 Rh4+ 33. Kg1 Bh2+ 34. Kf2 Rxf5+ 35. Ke2 Bf4 36. b5 Rf7 37. Kd3 Re7 38. g3 Rh3 39. Rxf4+ Rf7 40. Rxf7+ Kxf7
41. c5 Rxg3+ 42. Kc4
1-0

[Event "Autumn 2009"]
[Site "SchemingMind.com"]
[Date "2009.11.09"]
[Round "-"]
[White "cnile"]
[Black "Time Sprout"]
[Result "1-0"]
[WhiteCountry "SCO"]
[BlackCountry "GBR"]
[WhiteElo "1392"]
[WhiteRD "80"]
[BlackElo "1401"]
[BlackRD "79"]
[GameID "225395"]

1. d4 d6 2. c4 Nd7 3. Nf3 e5 4. Nc3 exd4 5. Nxd4 Nc5 6. e4 Nf6 7. f3 a6 8. Bg5 Be7 9. Be2 O-O 10. O-O Nh5
11. Be3 b5 12. cxb5 axb5 13. Ndxb5 Bd7 14. a4 c6 15. Nxd6 Ra5 16. Bxc5 Bxd6 17. Qxd6 Re8 18. Bc4 g6 19. Be3 Qb8 20. Qxd7 Nf6
21. Qd4 Qe5 22. b4 Raa8 23. Qxe5 Rxe5 24. b5 c5 25. a5 Ne8 26. Rfc1 Nd6 27. Bf1 c4 28. Bf4 Re6 29. Bxc4 Rf6 30. Be5
1-0

[Event "Autumn 2009"]
[Site "SchemingMind.com"]
[Date "2009.11.09"]
[Round "-"]
[White "Quanah4"]
[Black "Time Sprout"]
[Result "1-0"]
[WhiteCountry "USA"]
[BlackCountry "GBR"]
[WhiteElo "1557"]
[WhiteRD "78"]
[BlackElo "1437"]
[BlackRD "77"]
[GameID "225396"]

1. e4 e5 2. Nf3 Nf6 3. g3 d6 4. Bg2 Nxe4 5. O-O f5 6. d3 Nf6 7. Re1 e4 8. Nc3 d5 9. dxe4 fxe4 10. Bg5 Be7
11. Bxf6 Bxf6 12. Rb1 c6 13. Nxe4 Bg4 14. Nxf6+ Kf7 15. Nxg4 Re8 16. Rxe8 Qxe8 17. Qe1 Qd7 18. Nge5+ Ke7 19. Nxd7+
1-0

[Event "Autumn 2009"]
[Site "SchemingMind.com"]
[Date "2009.11.09"]
[Round "-"]
[White "Shanks"]
[Black "Time Sprout"]
[Result "1-0"]
[WhiteCountry "ENG"]
[BlackCountry "GBR"]
[WhiteElo "1392"]
[WhiteRD "65"]
[BlackElo "1343"]
[BlackRD "84"]
[GameID "225397"]

1. d4 d5 2. Nf3 Nc6 3. e3 b6 4. Nbd2 Nf6 5. a3 a5 6. c4 e6 7. cxd5 exd5 8. Qc2 g6 9. Qxc6+ Bd7 10. Qc2 c5
11. dxc5 Bf5 12. Qd1 Bxc5 13. Bb5+ Bd7 14. Bxd7+ Qxd7 15. O-O O-O 16. Ne5 Qd6 17. Nef3 Ne4 18. Nb3 Rac8 19. Nxc5 Rxc5 20. Nd4 Re8
21. b4 axb4 22. axb4 Rc4 23. b5 Nc3 24. Qb3 Qb4 25. Qxb4 Rxb4 26. Bd2 Rc8 27. Bxc3 Rxc3 28. g3 Rbc4 29. Nc6 Rc5 30. Ra8+ Kg7
31. Nd4 Rd3 32. Rb8 Rd2 33. Rxb6 Rc3 34. Nf3 Re2 35. Nd4
1-0

[Event "Autumn 2009"]
[Site "SchemingMind.com"]
[Date "2009.11.09"]
[Round "-"]
[White "maro"]
[Black "Time Sprout"]
[Result "0-1"]
[WhiteCountry "MEX"]
[BlackCountry "GBR"]
[WhiteElo "1277"]
[WhiteRD "51"]
[BlackElo "1437"]
[BlackRD "77"]
[GameID "225398"]

1. c4 e5 2. Nc3 Nf6 3. d4 d6 4. d5 c6 5. Nf3 cxd5 6. cxd5 Nbd7 7. e4 Qa5 8. Bd2 Nc5 9. Nb5 Qb6 10. a4 Nfxe4
11. a5 Qd8 12. Nxe5 dxe5 13. Bb4 a6 14. Nc3 Nf6 15. Bc4 Bd6 16. Bxc5 Bxc5 17. O-O b5 18. axb6 Bxb6 19. d6 O-O 20. Re1 Bc5
21. Rxe5 Bxd6 22. Bxf7+ Rxf7 23. Qb3 Bxe5
0-1